000 00450nam a22001697a 4500
003 OSt
005 20140311134812.0
008 130213t xxu||||| |||| 00| 0 eng d
020 _a0835113396
050 _aPL 2780
_b.J61 1981
082 _aM 808.83
_bB11 1981
245 _aAutumn in Spring And Other Stories
_cJin, Ba
260 _aBeijing, China
_bChinese Literature
_c1981
300 _a207 p.
_c18 cm.
942 _2lcc
_cBK
_kM
999 _c35839
_d35839